00440nam a2200145Ia 4500020001800000082001700018100001600035245008500051260004100136300001300177504001900190650003600209650002200245650002700267 a9781412948654 a361.06 EVA-O aEvans, Jane 0aOnline counselling and guidance skills: a resource for trainees and practitioner aLos AngelesbSage Publicationsc2009 axii, 192 aincludes index aCounselingvVocational guidance aOnline counseling aEducational counseling